000 01930nam a2200469 i 4500
001 23710
003 BPK
005 20220202135630.0
008 971113s1987 pl a f |000 0 pol
015 _aPB 1988/8937
040 _aWA N
_cWA N
_dKOSZ 005/EG
041 0 _apol
_beng
_brus
080 _a621.88
080 _a534.8
100 1 _aWapiennik, Jerzy
_eAutor
245 1 0 _aWibroizolacja maszyn =
_bVibroinsulation of machinery = Vibroizolacija mašiny : teoria, badanie, projektowanie = theory, research designing = teorija, issledovanija, proektirovanie /
_cJerzy Wapiennik, Zbigniew Engel, Jerzy Sadowski.
260 _aWarszawa :
_bWydawnictwa ITB,
_c1987.
300 _a67 s. :
_bfot., rys., wykr. ;
_c24 cm.
336 _2rdacontent
_aTekst
_btxt
337 _2rdamedia
_aBez urządzenia pośredniczącego
_bn
338 _2rdacarrier
_aWolumin
_bnc
380 _aKsiążki
388 _a1901-2000
388 _a1945-1989
490 1 _aPrace Naukowe Instytutu Techniki Budowlanej ;
_vr. 42.
490 1 _aPrace Naukowe Instytutu Techniki Budowlanej. Monografie =
_aScientific Paper of the Building Research Institute =
_aNaučnye Raboty Instituta Stroitel'noj Techniki.
504 _aBibliogr. s. 56.
546 _aStreszcz. ang., ros.
650 7 _aMaszyny
650 7 _aBHP
650 7 _aMechanika
650 7 _aSprężyny
658 _aInżynieria i technika
650 7 _aWibroizolacja
700 1 _aEngel, Zbigniew
_d(1933-2013)
_eAutor
700 1 _aSadowski, Jerzy
_d(1924-2014)
_eAutor
710 2 _aInstytut Techniki Budowlanej
_4pbl.
830 0 _aPrace Naukowe Instytutu Techniki Budowlanej ;
_vr. 42.
856 _uhttp://koha.tu.koszalin.pl/cgi-bin/koha/opac-detail.pl?biblionumber=23710
_yKatalog online BPK
830 0 _aPrace Naukowe Instytutu Techniki Budowlanej.
_pMonografie
942 _2UKD
_cKS
999 _c23710
_d23710